Floods, (Record no. 547868)

000 -LEADER
fixed length control field 00618cam a2200181 4500
082 ## - DEWEY DECIMAL CLASSIFICATION NUMBER
Classification number 627.4
Author Mark HOY
-- L-18, P-8
100 1# - MAIN ENTRY--PERSONAL NAME
Personal name Hoyt, W. G.
9 (RLIN) 44016
245 10 - TITLE STATEMENT
Title Floods,
Statement of responsibility, etc. by William G. Hoyt and Walter B. Langbein.
260 ## - PUBLICATION, DISTRIBUTION, ETC.
Place of publication, distribution, etc. Princeton, N.J.,
Name of publisher, distributor, etc. Princeton University Press,
Date of publication, distribution, etc. 1955.
300 ## - PHYSICAL DESCRIPTION
Extent ix, 469 p.
Other physical details illus., maps, tables.
Dimensions 24 cm.
526 ## - STUDY PROGRAM INFORMATION NOTE
Program name 0
Interest level 0
Reading level 0
Title point value 627_400000000000000_HOY
526 ## - STUDY PROGRAM INFORMATION NOTE
Program name 0
Interest level 0
Reading level 0
Title point value 627_400000000000000_HOY
650 #0 - SUBJECT ADDED ENTRY--TOPICAL TERM
Topical term or geographic name entry element Flood control
Geographic subdivision United States.
9 (RLIN) 44017
650 #0 - SUBJECT ADDED ENTRY--TOPICAL TERM
Topical term or geographic name entry element Floods
Geographic subdivision United States.
9 (RLIN) 44018
650 #0 - SUBJECT ADDED ENTRY--TOPICAL TERM
Topical term or geographic name entry element MCE
9 (RLIN) 379
700 1# - ADDED ENTRY--PERSONAL NAME
Personal name Langbein, Walter Basil,
9 (RLIN) 44019
942 ## - ADDED ENTRY ELEMENTS (KOHA)
Source of classification or shelving scheme
Koha item type Book
Holdings
Withdrawn status Lost status Source of classification or shelving scheme Damaged status Not for loan Permanent Location Current Location Date acquired Total Checkouts Full call number Barcode Date last seen Price effective from Koha item type
          Military College of Engineering (MCE) Military College of Engineering (MCE) 08/08/2014   627.4 HOY MCE-2289 08/08/2014 08/08/2014 Book
          Military College of Engineering (MCE) Military College of Engineering (MCE) 08/08/2014   627.4 HOY MCE-1897 08/08/2014 08/08/2014 Book
© 2023 Central Library, National University of Sciences and Technology. All Rights Reserved.